John Calipari Head Coaching Career - Statistics

General Stats
  • This quiz has been taken 19 times
  • The average score is 4 of 5
Answer Stats
Tenure School League % Correct
2024–present Arkansas NCAA
100%
2009–2024 Kentucky NCAA
100%
2000–2009 Memphis NCAA
76%
1988–1996 UMass NCAA
53%
1996–1999 New Jersey Nets NBA
24%
No matching quizzes found
Score Distribution
Percent of People with Each Score
Percentile by Number Answered
Your Score History
You have not taken this quiz